| 000 | 01077nam a22002055i 4500 | ||
|---|---|---|---|
| 001 | 160583 | ||
| 003 | ES-MaACL | ||
| 005 | 20250718063333.0 | ||
| 008 | 040928s1876 sp |||| | spa d | ||
| 100 | 1 |
_aNavasqüés, Emilio C. de _eaut _9130422 |
|
| 245 | 1 | 0 |
_aPrograma general de las materias de que han de examinarse los empleados del ramo de Correos con arreglo a la Real Orden de 27 de setiembre de 1876 : _bcontestaciones a las preguntas sobre tarifa nacional y extranjera, órdenes vigentes, sobre el especial servicio de certificados... / _cpor Emilio C. de Navasqüés. |
| 260 |
_aMadrid : _b[s.n.], _c1876 _f(Imp. de Manuel G. Hernández) |
||
| 300 |
_a79 páginas ; _c22 cm. |
||
| 650 | 4 |
_aCarteros- _zEspaña _910803 |
|
| 650 | 4 |
_aCorreos- _zEspaña- _yS.XIX _9167498 |
|
| 852 |
_aES-MaACL _cDEPOF _eEjemplar falto de cub. original _gAn.ms.: Regalo de Antonio Escobar, 1878 _hDonativo de Antonio Escobar Laredo _jT-271-F-8 _xEnc. en un vol. facticio _xHolandesa |
||
| 942 |
_2udc _cFOLLETOS _n0 |
||
| 999 |
_c160583 _d160583 |
||